| 000 | 00592nam a2200217 i 4500 | ||
|---|---|---|---|
| 001 | bg | ||
| 245 | 0 | 0 |
_aInternet 2000 : _bprawo-ekonomia-kultura / _cpod red. Ryszarda Skubisza. |
| 260 |
_aLublin : _b"Verba", _c2000. |
||
| 300 |
_a470, [1] s. : _brys. ; _c21 cm. |
||
| 650 | 9 |
_aInternet _xprawo |
|
| 650 | 9 |
_aInternet _xochrona |
|
| 650 | 9 |
_aInternet _xetyka |
|
| 650 | 9 |
_aInternet _xstosowanie |
|
| 020 | _a8387497363 | ||
| 040 | _cBPK | ||
| 041 | 0 | _apl | |
| 080 | _a347.78:004.738.5:004.056.53 | ||
| 920 | _a83-87497-36-3 | ||
| 942 | _cKS | ||
| 008 | s pl f |000 0 pol | ||
| 999 |
_c37206 _d37206 |
||
| 856 |
_uhttp://koha.tu.koszalin.pl/cgi-bin/koha/opac-detail.pl?biblionumber=37206 _yKatalog online BPK |
||